| 000 | 00494nam a22001577a 4500 | ||
|---|---|---|---|
| 003 | OSt | ||
| 005 | 20161103155110.0 | ||
| 008 | 150930b xxu||||| |||| 00| 0 eng d | ||
| 040 | _cRUA | ||
| 082 | _aAVM PEN 1994 B067 Or.1 | ||
| 100 |
_911137 _aPEN KUNTHEAMONY; ប៉ែន គន្ធាមុនី |
||
| 245 | _aPost farrowing health care, (ការថែរក្សាមេបំបៅកូន) | ||
| 260 |
_aphnom penh _bRUA _c1994 |
||
| 300 |
_a52p. _bill. _c29cm. |
||
| 942 |
_2ddc _cAVM |
||
| 999 |
_c1541 _d1541 |
||